Materials science and metallurgy / (Record no. 1641)

MARC details
000 -LEADER
fixed length control field 00737nac a22002291u 4500
010 ## - LIBRARY OF CONGRESS CONTROL NUMBER
LC control number 76050037
020 ## - INTERNATIONAL STANDARD BOOK NUMBER
International Standard Book Number 087909480X
082 00 - DEWEY DECIMAL CLASSIFICATION NUMBER
Classification number 620.112
Item number P7711
090 ## - LOCALLY ASSIGNED LC-TYPE CALL NUMBER (OCLC); LOCAL CALL NUMBER (OCLC)
-- 1641
-- 1641
100 ## - MAIN ENTRY--PERSONAL NAME
Personal name Pollack, Herman W.
245 10 - TITLE STATEMENT
Title Materials science and metallurgy /
Statement of responsibility, etc Herman W. Pollack.
250 ## - EDITION STATEMENT
Edition statement 2d ed.
260 ## - PUBLICATION, DISTRIBUTION, ETC. (IMPRINT)
Place of publication, distribution, etc Reston, Va. :
Name of publisher, distributor, etc Reston Pub. Co.,
Date of publication, distribution, etc c1977.
300 ## - PHYSICAL DESCRIPTION
Extent xvii, 456 p. :
Other physical details ill. ;
Dimensions 24 cm.
500 ## - GENERAL NOTE
General note Includes index.
500 ## - GENERAL NOTE
General note Donations
500 ## - GENERAL NOTE
General note Donations - Dr. Mostafa Gouda
650 #0 - SUBJECT ADDED ENTRY--TOPICAL TERM
Topical term or geographic name as entry element Materials.
650 #0 - SUBJECT ADDED ENTRY--TOPICAL TERM
Topical term or geographic name as entry element Metals.
942 ## - ADDED ENTRY ELEMENTS (KOHA)
Item type Book - Borrowing
Call number prefix 620.112P7711
Holdings
Withdrawn status Item status Damaged status Not for loan Home library Current library Shelving location Date acquired Source of acquisition Total Checkouts Total Renewals Full call number Barcode Date last seen Date last borrowed Koha item type
        Central Library Central Library First floor 21/11/2006 Purchase 3 1 620.112 POL 000002700 15/07/2025 09/10/2024 Book - Borrowing